000 00796nam a2200241 i 4500
001 67289
003 ES-MaACL
005 20230906170031.0
007 t|
008 040517s1983 sp ||||0| spa d
016 7 _zSIC92018612
020 _a84-00-05518-7
040 _aM-BN
_bspa
_cSIC
080 _a33 Bernacer Tormo, Germán
100 1 _aSavall, Henri.
_9104047
245 1 0 _aGermán Bernácer
_b: la heterodoxia en la economía /
_cHenri Savall ; traducción de Rafael Pérez Torreblanca.
260 _aAlicante :
_bInstituto de Estudios Alicantinos,
_c[1983]
300 _a456 p. ;
_c22 cm.
504 _aBibliografía: p. 431-447.
600 1 4 _aBernácer, Germán (
_d1883-1965)
_928166
700 1 _aPérez Torreblanca, Rafael.
_991176
852 _aES-MaACL
_jL-27526
_bR.133257
999 _c67289
_d67289